| 000 | 00634cam a2200217 a 4500 | ||
|---|---|---|---|
| 001 | 000001275 | ||
| 003 | DO-SdBNP | ||
| 005 | 20240624153756.0 | ||
| 008 | 830111s1963 xx 001 0bita | ||
| 040 |
_aDO-SdBNP _bspa _cvBNPHU |
||
| 082 |
_a928.945 _bS183S, 1963 |
||
| 100 | 1 |
_aSalvadori, Massimo L. _94326 |
|
| 245 | 1 | 0 |
_aGaetano Salvemini / _cMassimo L. Salvadori. |
| 250 | _a2a ed. | ||
| 260 |
_a[s.l.] : _bEinaudi, _c1963. |
||
| 300 |
_a264 p. ; _c18 cm. |
||
| 504 | _aIncluye índice e índice de nombre | ||
| 504 | _aIncluye notas al pie de página | ||
| 600 | 1 | 4 |
_aSALVEMINI, GAETANO, _d1873-1957. _94327 |
| 942 |
_2ddc _cLBS1 |
||
| 999 |
_c1218 _d1218 |
||